| 000 | 01074mam a2200301 a 4500 | ||
|---|---|---|---|
| 001 | 1880451 | ||
| 003 | ARRUPE | ||
| 005 | 20150107140509.0 | ||
| 008 | 961002s1996 miu 000 0 eng d | ||
| 020 | _a0879077611 | ||
| 035 | _a(OCoLC)ocm35667822 | ||
| 035 | _a(NNC)1880451 | ||
| 040 |
_aEMT _cEMT _dOCL |
||
| 050 |
_aBR754.J62 _bG38 1996 |
||
| 245 | 1 | 2 |
_aA gathering of friends : _bthe learning and spirituality of John of Forde / _cedited by Hilary Costello; Christopher Holdsworth. |
| 260 |
_aKalamazoo, Mich. : _bCistercian Publications, _cc1996. |
||
| 300 |
_a214 p. ; _c23 cm. |
||
| 490 | 1 |
_aCistercian studies series ; _vno. 161 |
|
| 504 | _aIncludes bibliographical references and indexes. | ||
| 600 | 0 | 0 |
_aJohn, _cAbbot of Ford. _912932 |
| 650 | 0 |
_aMonasticism and religious orders _zEngland. _912934 |
|
| 650 | 0 |
_aCistercians _zEngland _xHistory _913532 |
|
| 700 |
_aCostello, Hilary (ed.) _913533 |
||
| 700 |
_aHoldsworth, Christopher (ed.) _913534 |
||
| 830 | 0 |
_aCistercian studies series ; _vno. 161. _912935 |
|
| 942 |
_2lcc _cMONOGRAPH |
||
| 999 |
_c121349 _d121349 |
||